00592nam a2200169 a 450000100100000000500170001000800410002704000250006808200150009310000260010824500610013426000680019530000200026304900090028395201130029299900170040500003134720200930062851.0110620s1930 dr 000 0 spa d aDO-SdBNPbspacBNPHU axxxxbO81c1 aOscar, Armando92426910aComo las demás... :bcomedia en dos actos y un cuadro. aSanto Domingo :bImp. de J. R. Vda. García, sucesores,c1930. a81 p. ;c21 cm. aBNPD 0010718PDaPDbPDcCTd2011-06-20iLF1l0oxxxx O81cp31347-10r2020-06-25w2020-06-25yLFPDZNo se presta c30839d30839